00478nam a2200169Ia 450000500170000000800410001702000180005804100080007608200150008410000140009924500690011326000460018230000090022850000290023765000280026670000140029420251113233214.0230125s9999 xx 000 0 und d a0-00-727826-8 aeng a158.1bSHE aSheahan P aFlip : How to succeed by turning everything you know on its head c2008bHarper Collins PublishersaNew York a326p aPersonality Development, aPersonality Development aSheahan P